[Event "Pic d'Anie op 2nd"]
[Site "Arette"]
[Date "2005.08.08"]
[Round "1.1"]
[White "Parpinel, Mario"]
[Black "Inkiov, Ventzislav"]
[Result "0-1"]
[WhiteElo "1750"]
[BlackElo "2472"]
[PlyCount "66"]
[EventDate "2005.08.08"]
[EventType "swiss"]
[EventRounds "7"]
[EventCountry "FRA"]
[SourceTitle "EXT 2007"]
[Source "ChessBase"]
[SourceDate "2006.11.23"]
[SourceVersion "1"]
[SourceVersionDate "2006.11.23"]
[SourceQuality "1"]

1. e4 c5 2. Nc3 Nc6 3. d3 g6 4. Be3 Qa5 5. g3 Bg7 6. Nge2 Nd4 7. Nf4 d6 8. Bg2 Nf6 9. 0-0 0-0 10. Bxd4 cxd4 11. Ncd5 Nxd5 12. Nxd5 Re8 13. a3 Bd7 14. f4 e6 15. Nb4 Qc5 16. Na2 Rac8 17. Rf2 a5 18. b4 axb4 19. Nxb4 Ra8 20. f5 Bh6 21. fxg6 fxg6 22. Rf3 Qc3 23. Qf1 Rxa3 24. Rxa3 Qxa3 25. Qb1 Ra8 26. Bh3 Bc8 27. Rf6 Qa1 28. Rf1 Qxb1 29. Rxb1 Kf7 30. Kf2 Bd2 31. Ke2 Bc3 32. Rf1+ Ke7 33. Rb1 Kd8 0-1

[Event "Pic d'Anie op 1st"]
[Site "Arette"]
[Date "2004.08.??"]
[Round "1"]
[White "Parpinel, Mario"]
[Black "Zozulia, Anna"]
[Result "0-1"]
[WhiteElo "1860"]
[BlackElo "2324"]
[PlyCount "114"]
[EventDate "2004.08.??"]
[EventType "swiss"]
[EventRounds "7"]
[EventCountry "FRA"]
[SourceTitle "EXT 2007"]
[Source "ChessBase"]
[SourceDate "2006.11.23"]
[SourceVersion "1"]
[SourceVersionDate "2006.11.23"]
[SourceQuality "1"]

1. e4 c5 2. Nc3 Nc6 3. Bc4 g6 4. f4 Bg7 5. Nf3 d6 6. d3 e6 7. 0-0 Nge7 8. Qe1 0-0 9. f5 gxf5 10. Qh4 Ng6 11. Qxd8 Rxd8 12. exf5 Nge5 13. Nxe5 Nxe5 14. f6 Bf8 15. Bb3 Bd7 16. Ne2 d5 17. d4 cxd4 18. Nxd4 Bc5 19. c3 Bb5 20. Re1 Nd3 21. Re3 Nxc1 22. Rxc1 Kh8 23. Kh1 Rg8 24. Bc2 Rg4 25. Rh3 Bxd4 26. Bxh7 Bxf6 27. Bd3+ Kg7 28. Bxb5 Bg5 29. Rf1 f5 30. Rhf3 Re4 31. Rg3 Kf6 32. Rgf3 Rh8 33. g3 Ke5 34. Kg2 Re3 35. h4 Rxf3 36. Rxf3 Bc1 37. b3 Rg8 38. Kh3 Ke4 39. Kg2 f4 40. Bd3+ Ke5 41. Bh7 Rg7 42. Bd3 Kf6 43. Kh3 e5 44. gxf4 e4 45. Rf1 Be3 46. Be2 Kf5 47. h5 Bxf4 48. Rf2 Rg3+ 49. Kh4 Rxc3 50. Rg2 Rc1 51. Bg4+ Ke5 52. Bh3 d4 53. Rg6 Rh1 54. Re6+ Kd5 55. Rf6 Bg5+ 56. Kxg5 Rxh3 57. h6 d3 0-1